| 000 | 00775nam a22001937a 4500 | ||
|---|---|---|---|
| 999 |
_c7106 _d7106 |
||
| 003 | AR-CdUCM | ||
| 008 | 190319b ||||| |||| 00| 0 spa d | ||
| 040 |
_aMUNICIPALIDAD PROVINCIAL DEL CUSCO _cBIBLIOTECA MUNICIPAL DEL CUSCO |
||
| 082 |
_a150.13 / _bD61 |
||
| 100 |
_aDelgado, Jose M. R. _920023 |
||
| 245 |
_aControl físico de la mente : _bHacia una sociedad psicocivilizada / |
||
| 300 |
_a320 páginas : _c21 cm. |
||
| 505 | _aContenido : Evolución de la mente -- El cerebro y la mente como entidades funcionales -- Control experimental de las funciones cerebrales en sujetos activos -- Evaluación del control eléctrico del cerebro ... | ||
| 650 |
_aMente _916922 |
||
| 650 |
_aMemoria _91763 |
||
| 650 |
_aCerebro _920024 |
||
| 942 |
_2ddc _cLIBROS |
||
| 945 | _arah | ||